000 00771nam a2200253Ia 4500
003 OSt
005 20220930192032.0
006 a|||||r|||| 00| 0
007 ta
008 220926b |||||||| |||| 00| 0 eng d
024 _a9686
037 _cDissertations
040 _aCRL
_cCRL
_beng
041 _2eng
_aeng
100 _aDas A
_9211116
110 _aUniversity of Delhi. Faculty of Medical Sciences. Department of Medicine
245 0 _aAdult giardiasis incidence and clinical features
260 _c1973
650 _aMEDICINE
700 _a Dr V P Gupta Supervisor
_9523227
700 _aUniversity of Delhi. Faculty of Medical Sciences. Department of Medicine
942 _cDIS
_2CC
999 _c894694
_d894694